[Event "1. OEsterreichische Internet Schach Meisterschaft - Vorrunde 2"]
[Site "Online - Playchess.com"]
[Date ""]
[Round "3"]
[Board "99"]
[White "Gall, Bernhard"]
[Black "Haselsberger, Armin"]
[Result "1-0"]
[WhiteElo "1244"]
[BlackElo "1395"]
[PlyCount "91"]
[EventDate "2020.04.13"]
[EventRounds "9"]
[EventCountry "AUT"]

1. e4 c6 2. d4 d5 3. exd5 cxd5 4. Nc3 Bf5 5. Bb5+ Nc6 6. Nf3 Nf6 7. Bf4 Qb6 8. O-O
a6 9. Bxc6+ bxc6 10. Na4 Qb5 11. b3 e6 12. Nc5 Bxc5 13. dxc5 Qxc5 14. Qd4 Qxd4 15.
Nxd4 Kd7 16. Nxf5 exf5 17. Rfe1 Rhe8 18. Kf1 h6 19. Rxe8 Rxe8 20. Re1 g5 21. Rxe8
Nxe8 22. Be5 Nd6 23. Bxd6 Kxd6 24. Ke2 Ke5 25. Ke3 f6 26. g3 c5 27. c3 f4+ 28. gxf4+
gxf4+ 29. Kd3 Kf5 30. f3 Kg5 31. Ke2 Kh4 32. Kf2 Kh3 33. c4 d4 34. b4 Kxh2 35. bxc5
h5 36. c6 d3 37. Ke1 h4 38. c7 h3 39. c8=Q Kg2 40. Qg8+ Kxf3 41. Qg1 f5 42. c5 h2
43. Qxh2 Ke3 44. Qd2+ Ke4 45. c6 f3 46. Kf2  1-0

[Event "1. OEsterreichische Internet Schach Meisterschaft - Vorrunde 2"]
[Site "Online - Playchess.com"]
[Date ""]
[Round "4"]
[Board "1"]
[White "Hiermann, Dietmar"]
[Black "Ragger, Markus"]
[Result "0-1"]
[WhiteElo "2250"]
[BlackElo "2679"]
[PlyCount "58"]
[EventDate "2020.04.13"]
[EventRounds "9"]
[EventCountry "AUT"]

1. e4 e5 2. Nf3 Nc6 3. Bc4 Nf6 4. d3 h6 5. c3 d6 6. Nbd2 g6 7. Nf1 Bg7 8. h3 O-O
9. Ne3 Na5 10. Bb5 a6 11. Ba4 b5 12. Bc2 c5 13. O-O Bb7 14. b4 Nc6 15. a3 cxb4 16.
axb4 d5 17. exd5 Nxd5 18. Nxd5 Qxd5 19. Bb3 Qd6 20. Be3 Rfd8 21. Bb6 Rd7 22. Be3
Qxd3 23. Qc1 Kh7 24. Rd1 Qf5 25. Rxd7 Qxd7 26. Nh2 e4 27. Qc2 Nxb4 28. Qb1 Nd3 29.
Qc2 Rc8  0-1

[Event "1. OEsterreichische Internet Schach Meisterschaft - Vorrunde 2"]
[Site "Online - Playchess.com"]
[Date ""]
[Round "4"]
[Board "2"]
[White "Enoeckl, Philipp"]
[Black "Shengelia, David"]
[Result "0-1"]
[WhiteElo "2276"]
[BlackElo "2544"]
[PlyCount "78"]
[EventDate "2020.04.13"]
[EventRounds "9"]
[EventCountry "AUT"]

1. d4 Nf6 2. Bg5 e6 3. e4 h6 4. Bxf6 Qxf6 5. c3 c5 6. Nf3 Qd8 7. d5 a6 8. a4 d6 9.
Be2 Be7 10. O-O e5 11. Na3 Nd7 12. Nc4 g5 13. Nfd2 Nf8 14. a5 Ng6 15. Nb6 Rb8 16.
b4 Nf4 17. Ndc4 cxb4 18. cxb4 h5 19. Rc1 g4 20. Ne3 Bd7 21. g3 Nxe2+ 22. Qxe2 Bb5
23. Nec4 Bg5 24. Rc2 O-O 25. f3 f5 26. exf5 Rxf5 27. fxg4 Rxf1+ 28. Kxf1 Qf6+ 29.
Kg2 h4 30. Qf3 h3+ 31. Kf2 Qg6 32. Qe2 Rf8+ 33. Kg1 e4 34. Qe1 e3 35. Re2 Qe4 36.
Nxd6 Qf3 37. Nbc4 Qxd5 38. Rxe3 Bxc4 39. Nxc4 Qg2#  0-1

[Event "1. OEsterreichische Internet Schach Meisterschaft - Vorrunde 2"]
[Site "Online - Playchess.com"]
[Date ""]
[Round "4"]
[Board "3"]
[White "Belke, Frank"]
[Black "Froewis, Georg"]
[Result "1-0"]
[WhiteElo "2273"]
[BlackElo "2457"]
[PlyCount "95"]
[EventDate "2020.04.13"]
[EventRounds "9"]
[EventCountry "AUT"]

1. d4 e6 2. c4 d5 3. Nc3 c6 4. e4 dxe4 5. Nxe4 Bb4+ 6. Bd2 Qxd4 7. Bxb4 Qxe4+ 8.
Be2 Na6 9. Bc3 f6 10. Qd6 Ne7 11. O-O-O Kf7 12. Bf3 Qxc4 13. Kb1 Nd5 14. Ne2 Qc5
15. Qg3 e5 16. Bg4 Bxg4 17. Qxg4 Rad8 18. h4 Qe7 19. h5 Qe6 20. Qf3 Nab4 21. a3 Na6
22. g4 h6 23. Qe4 Ne7 24. Ng3 Nc5 25. Qf3 Na4 26. Bb4 Nd5 27. Nf5 Nxb4 28. axb4 Rd5
29. Qb3 Nb6 30. Rxd5 Nxd5 31. Rd1 Rd8 32. f3 a6 33. Qc2 Nxb4 34. Nxh6+ Ke7 35. Qc5+
Ke8 36. Rxd8+ Kxd8 37. Qxb4 gxh6 38. Qf8+ Kc7 39. Qxh6 e4 40. Qe3 f5 41. h6 Qg6 42.
g5 a5 43. fxe4 fxe4 44. Qf4+ Kb6 45. Qf6 Qh5 46. Qd4+ Ka6 47. Qxe4 Qg6 48. Qxg6  1-0

[Event "1. OEsterreichische Internet Schach Meisterschaft - Vorrunde 2"]
[Site "Online - Playchess.com"]
[Date ""]
[Round "4"]
[Board "4"]
[White "Bauer, Sebastian"]
[Black "Schweda, Roland"]
[Result "0-1"]
[WhiteElo "2237"]
[BlackElo "2444"]
[PlyCount "60"]
[EventDate "2020.04.13"]
[EventRounds "9"]
[EventCountry "AUT"]

1. e4 c5 2. Nf3 a6 3. c3 d5 4. exd5 Qxd5 5. d4 e6 6. Bd3 Nf6 7. O-O cxd4 8. cxd4
Be7 9. Nc3 Qd6 10. Re1 O-O 11. Ne5 Rd8 12. Bg5 Nbd7 13. Qf3 Qxd4 14. Nxd7 Bxd7 15.
Rad1 Qb4 16. a3 Qc5 17. b4 Qxg5 18. Be4 Nxe4 19. Nxe4 Qg6 20. Qe3 Bc6 21. Ng3 a5
22. bxa5 Rxa5 23. Qb6 Raa8 24. h4 Bxh4 25. Rxd8+ Rxd8 26. Re3 h6 27. Kh2 Rd5 28.
Ne2 Bxf2 29. Rf3 Rh5+ 30. Rh3 Qxg2#  0-1

[Event "1. OEsterreichische Internet Schach Meisterschaft - Vorrunde 2"]
[Site "Online - Playchess.com"]
[Date ""]
[Round "4"]
[Board "5"]
[White "Poetz, Florian"]
[Black "Postl, Anton"]
[Result "1-0"]
[WhiteElo "2422"]
[BlackElo "2290"]
[PlyCount "91"]
[EventDate "2020.04.13"]
[EventRounds "9"]
[EventCountry "AUT"]

1. e4 c5 2. Nf3 d6 3. d4 cxd4 4. Nxd4 Nf6 5. Nc3 a6 6. h3 b5 7. g4 Bb7 8. Bg2 e6
9. O-O Nfd7 10. a4 b4 11. Na2 a5 12. c3 bxc3 13. Nxc3 Be7 14. Ndb5 Ra6 15. b3 Nc6
16. Ba3 Nb4 17. Na2 Nc5 18. Nxb4 axb4 19. Bxb4 Nxe4 20. Qd3 Nc5 21. Bxc5 Bxg2 22.
Kxg2 dxc5 23. Nc7+ Qxc7 24. Qxa6 O-O 25. Rfd1 Qf4 26. Qd3 h5 27. Qf3 Qb4 28. Rac1
Bf6 29. Rc4 Qb6 30. Rd7 Bd4 31. gxh5 Qb8 32. b4 Qe5 33. bxc5 Bxc5 34. Qe4 Qg5+ 35.
Qg4 Qe5 36. a5 Rb8 37. a6 Rb2 38. Rf4 f5 39. Qg6 Bf8 40. a7 Qxf4 41. Rxg7+ Bxg7 42.
a8=Q+ Rb8 43. Qf3 Qh6 44. Qxh6 Bxh6 45. Qg3+ Kh8 46. Qxb8+  1-0

[Event "1. OEsterreichische Internet Schach Meisterschaft - Vorrunde 2"]
[Site "Online - Playchess.com"]
[Date ""]
[Round "4"]
[Board "6"]
[White "Alvir, Aco"]
[Black "Breneis, Gerhard"]
[Result "1-0"]
[WhiteElo "2355"]
[BlackElo "1990"]
[PlyCount "71"]
[EventDate "2020.04.13"]
[EventRounds "9"]
[EventCountry "AUT"]

1. e4 c5 2. Nf3 e6 3. d4 cxd4 4. Nxd4 Nf6 5. Nc3 d6 6. Be3 a6 7. Qf3 Be7 8. g4 Nc6
9. g5 Nd7 10. h4 O-O 11. O-O-O Nde5 12. Qg3 b5 13. f4 Nxd4 14. fxe5 dxe5 15. h5 Bb7
16. h6 b4 17. hxg7 bxc3 18. gxf8=Q+ Bxf8 19. Bc4 cxb2+ 20. Kb1 Bxe4 21. Bxd4 exd4
22. Rhe1 Bg6 23. Bd3 Rc8 24. Rh1 Bg7 25. Qh4 Qc7 26. Qf2 Qc5 27. Rhf1 Rc7 28. Rg1
e5 29. Rde1 Bxd3 30. cxd3 Qb5 31. Qd2 Rc3 32. Rgf1 Qc6 33. Qxb2 Bf8 34. Rc1 Ba3 35.
Rxc3 Kg7 36. Rxc6  1-0

[Event "1. OEsterreichische Internet Schach Meisterschaft - Vorrunde 2"]
[Site "Online - Playchess.com"]
[Date ""]
[Round "4"]
[Board "7"]
[White "Peyrer, Konstantin"]
[Black "Platzgummer, Fabian"]
[Result "0-1"]
[WhiteElo "2265"]
[BlackElo "2336"]
[PlyCount "110"]
[EventDate "2020.04.13"]
[EventRounds "9"]
[EventCountry "AUT"]

1. e4 c5 2. Nf3 d6 3. d4 cxd4 4. Nxd4 Nf6 5. Nc3 a6 6. Bg5 e6 7. f4 Nbd7 8. Qf3 Qc7
9. O-O-O b5 10. Bd3 Bb7 11. Rhe1 Be7 12. Qh3 b4 13. Nb1 Rc8 14. Nd2 Nc5 15. Kb1 h6
16. e5 dxe5 17. fxe5 Nxd3 18. cxd3 Nd5 19. Bxe7 Qxe7 20. Nc4 O-O 21. Nd6 Rc5 22.
Nb3 Rc7 23. Qg3 Kh8 24. d4 Bc6 25. Rc1 Ba4 26. Nc5 Bb5 27. Ka1 f5 28. exf6 Qxf6 29.
Rcd1 Nf4 30. Nce4 Qg6 31. Qxg6 Nxg6 32. Nc5 Rf2 33. Rxe6 Rxg2 34. Nxb5 axb5 35. Nd3
Kh7 36. d5 Rd7 37. Nxb4 Nf4 38. Ree1 Rxh2 39. a3 h5 40. d6 Rh3 41. Re7 Rxe7 42. dxe7
Re3 43. Nc6 Ng6 44. Rd5 Kh6 45. Rxb5 Nxe7 46. Nd4 h4 47. a4 h3 48. Rb8 Kh7 49. Rb5
g6 50. Rc5 h2 51. Rc1 Rg3 52. Ne2 Rg2 53. Rh1 Rxe2 54. a5 Rg2 55. a6 Rg1+  0-1

[Event "1. OEsterreichische Internet Schach Meisterschaft - Vorrunde 2"]
[Site "Online - Playchess.com"]
[Date ""]
[Round "4"]
[Board "8"]
[White "Mittelberger, Peter"]
[Black "Wohlfahrt, Herbert"]
[Result "1-0"]
[WhiteElo "2176"]
[BlackElo "2285"]
[PlyCount "133"]
[EventDate "2020.04.13"]
[EventRounds "9"]
[EventCountry "AUT"]

1. c4 c5 2. Nc3 e6 3. e3 Nf6 4. Nge2 b6 5. d4 cxd4 6. exd4 d5 7. b3 Bb7 8. cxd5 Nxd5
9. Nxd5 Qxd5 10. a3 Nc6 11. Bb2 Be7 12. b4 O-O 13. Qd3 Rfd8 14. Rd1 Bf6 15. f3 e5
16. Nc3 Qxd4 17. Qxd4 Nxd4 18. Ne4 Bxe4 19. fxe4 Nc2+ 20. Ke2 Rac8 21. Rxd8+ Rxd8
22. g3 Bg5 23. Bxe5 Re8 24. Bc3 Bf6 25. Bxf6 gxf6 26. Bg2 Nxa3 27. Ra1 Nb5 28. Ke3
Re5 29. Kf4 Kg7 30. Bf1 Nc3 31. Bd3 a5 32. bxa5 bxa5 33. Rc1 Rc5 34. Ra1 Re5 35.
Ra3 Rc5 36. Ke3 Re5 37. Rxc3 a4 38. Ra3 Ra5 39. Bc2 Rh5 40. h4 Re5 41. Rxa4 Re7 42.
Bd3 Rc7 43. Kf4 Re7 44. Bc4 Rc7 45. Bd5 Re7 46. Rb4 Rc7 47. Rb7 Rc3 48. Rxf7+ Kh8
49. h5 h6 50. Rxf6 Kg7 51. Rg6+ Kh7 52. Rc6 Rd3 53. Rc7+ Kh8 54. g4 Rf3+ 55. Ke5
Rf5+ 56. Ke6 Re5+ 57. Kf7 Re8 58. Bc6 Rf8+ 59. Kg6 Rg8+ 60. Kxh6 Rxg4 61. Rh7+ Kg8
62. Bd5+ Kf8 63. Rf7+ Ke8 64. Rf5 Rg1 65. Kh7 Rh1 66. h6 Ke7 67. Kg7  1-0

[Event "1. OEsterreichische Internet Schach Meisterschaft - Vorrunde 2"]
[Site "Online - Playchess.com"]
[Date ""]
[Round "4"]
[Board "9"]
[White "Juenger, Heinz"]
[Black "Perhinig, Robert"]
[Result "1-0"]
[WhiteElo "2165"]
[BlackElo "2252"]
[PlyCount "149"]
[EventDate "2020.04.13"]
[EventRounds "9"]
[EventCountry "AUT"]

1. e4 e6 2. d4 d5 3. exd5 exd5 4. Nf3 Nf6 5. Bd3 Bd6 6. Qe2+ Be6 7. c4 dxc4 8. Bxc4
O-O 9. O-O Bg4 10. h3 Bh5 11. g4 Bg6 12. Ne5 Bxe5 13. dxe5 Ne4 14. Nd2 Qd4 15. Nf3
Qc5 16. Be3 Qa5 17. a3 c5 18. Nh4 Nc6 19. Nxg6 hxg6 20. Qd3 Nxe5 21. Qxe4 Nxc4 22.
Qxc4 Rac8 23. b4 cxb4 24. Qxb4 Qd5 25. Rad1 Qf3 26. Kh2 Rc2 27. Qf4 Qc6 28. Rc1 Re8
29. Rxc2 Qxc2 30. Kg2 Qd3 31. Bxa7 Qxa3 32. Be3 Qd3 33. Qd4 Qb5 34. Rc1 Qa6 35. Rc5
Qe6 36. Rc7 b5 37. Qa7 Qe4+ 38. Kg3 Qe5+ 39. Kg2 Qe4+ 40. Kg1 Qb1+ 41. Rc1 Qe4 42.
Qd7 Rf8 43. Qxb5 Qf3 44. Qf1 Re8 45. Qg2 Qe2 46. Rf1 f5 47. gxf5 gxf5 48. Qg3 Re4
49. Kg2 Kh7 50. Qf3 Qb5 51. Rc1 Qe5 52. Rc5 Qe6 53. Qxf5+ Qxf5 54. Rxf5 Rc4 55. Rc5
Ra4 56. Rc7 Kg6 57. Kg3 Kf6 58. Rc6+ Kf5 59. h4 Rg4+ 60. Kh3 Re4 61. Rc5+ Kf6 62.
Rg5 g6 63. Kg3 Rc4 64. Rg4 Rc2 65. Rd4 Kf5 66. Rd5+ Kf6 67. Rc5 Ra2 68. Kg4 Ra4+
69. f4 Ra1 70. Rc6+ Kf7 71. Kg5 Re1 72. Rf6+ Ke7 73. Bc5+ Ke8 74. Kxg6 Rh1 75. h5
 1-0

[Event "1. OEsterreichische Internet Schach Meisterschaft - Vorrunde 2"]
[Site "Online - Playchess.com"]
[Date ""]
[Round "4"]
[Board "10"]
[White "Tauber, Andreas"]
[Black "Mostbauer, Maximilian"]
[Result "0-1"]
[WhiteElo "1972"]
[BlackElo "2217"]
[PlyCount "70"]
[EventDate "2020.04.13"]
[EventRounds "9"]
[EventCountry "AUT"]

1. c4 b6 2. Nc3 Bb7 3. e4 e6 4. d4 Bb4 5. Bd3 f5 6. exf5 Bxg2 7. Qh5+ Kf8 8. fxe6
dxe6 9. Nf3 Nf6 10. Qe5 Bxh1 11. Ng5 Nc6 12. Nxe6+ Kg8 13. Qg5 Qe7 14. d5 Nxd5 15.
cxd5 Qxg5 16. Nxg5 Bxd5 17. Bd2 Re8+ 18. Kf1 Bxc3 19. Bxc3 h6 20. Nh3 Ne5 21. Bc2
Bc4+ 22. Kg1 Nf3+ 23. Kg2 Bd5 24. Nf4 Bb7 25. Kg3 Ne5 26. Bb3+ Kh7 27. Bc2+ g6 28.
Bxe5 Rxe5 29. Nxg6 Rg5+ 30. Kh4 Rxg6 31. Rg1 Rhg8 32. Bxg6+ Rxg6 33. Re1 Rg7 34.
Re6 Bd5 35. Kh5 Bxe6  0-1

[Event "1. OEsterreichische Internet Schach Meisterschaft - Vorrunde 2"]
[Site "Online - Playchess.com"]
[Date ""]
[Round "4"]
[Board "11"]
[White "Schnider, Gert"]
[Black "Freitag, Manfred"]
[Result "0-1"]
[WhiteElo "2423"]
[BlackElo "2356"]
[PlyCount "72"]
[EventDate "2020.04.13"]
[EventRounds "9"]
[EventCountry "AUT"]

1. e4 e5 2. Nf3 Nc6 3. Bb5 a6 4. Ba4 Nf6 5. O-O b5 6. Bb3 Be7 7. Re1 O-O 8. c3 d6
9. h3 Na5 10. Bc2 d5 11. d4 dxe4 12. Nxe5 c5 13. Be3 Qc7 14. Nd2 Bb7 15. Bf4 Nd5
16. Bh2 cxd4 17. cxd4 f5 18. Ng6 Qb6 19. Nxf8 Rxf8 20. Be5 Qg6 21. Qe2 Kh8 22. a3
Nc6 23. Bb3 Nxe5 24. dxe5 Nf4 25. Qf1 e3 26. Rxe3 Bc5 27. Kh2 Bxg2 28. Qg1 Bxe3 29.
fxe3 Qh5 30. Kg3 Ne2+ 31. Kxg2 Nxg1 32. Kxg1 Qxh3 33. Nf1 f4 34. e6 f3 35. Kf2 Qg2+
36. Ke1 Qe2#  0-1

[Event "1. OEsterreichische Internet Schach Meisterschaft - Vorrunde 2"]
[Site "Online - Playchess.com"]
[Date ""]
[Round "4"]
[Board "12"]
[White "Neubauer, Martin"]
[Black "Kuecher, Wolfgang"]
[Result "1-0"]
[WhiteElo "2421"]
[BlackElo "2117"]
[PlyCount "55"]
[EventDate "2020.04.13"]
[EventRounds "9"]
[EventCountry "AUT"]

1. e4 g6 2. d4 Bg7 3. Nf3 d6 4. Be2 a6 5. c4 Nc6 6. d5 Ne5 7. Nxe5 dxe5 8. Nc3 Nf6
9. O-O O-O 10. Be3 e6 11. Rc1 exd5 12. cxd5 Bd7 13. Qb3 b6 14. Rfd1 Ng4 15. Bxg4
Bxg4 16. f3 Bc8 17. d6 Be6 18. Qa3 c5 19. Nd5 Bxd5 20. Rxd5 Qd7 21. b4 cxb4 22. Qxb4
b5 23. Rc7 Qd8 24. Qc5 Bf6 25. d7 Be7 26. Qc6 f6 27. Bh6 Rf7 28. Rc8  1-0

[Event "1. OEsterreichische Internet Schach Meisterschaft - Vorrunde 2"]
[Site "Online - Playchess.com"]
[Date ""]
[Round "4"]
[Board "13"]
[White "Pirker, Christian"]
[Black "Mostbauer, Florian"]
[Result "0-1"]
[WhiteElo "2167"]
[BlackElo "2309"]
[PlyCount "80"]
[EventDate "2020.04.13"]
[EventRounds "9"]
[EventCountry "AUT"]

1. e4 c6 2. d3 d5 3. Nd2 e5 4. g3 Bd6 5. Bg2 Nf6 6. Ngf3 O-O 7. O-O Re8 8. Re1 Nbd7
9. c3 Qc7 10. Qc2 Nf8 11. Nf1 a5 12. a4 b6 13. Bg5 N8d7 14. h3 Ba6 15. Ne3 Bxd3 16.
Qxd3 dxe4 17. Qc4 exf3 18. Bxf3 e4 19. Bg2 h6 20. Bxf6 Nxf6 21. Nf5 Bc5 22. b4 axb4
23. cxb4 Bf8 24. Bxe4 Nxe4 25. Rxe4 g6 26. Ne3 b5 27. Rxe8 Rxe8 28. axb5 Rxe3 29.
fxe3 Qxg3+ 30. Kf1 Qf3+ 31. Ke1 Qxe3+ 32. Kf1 Qf3+ 33. Kg1 Qg3+ 34. Kf1 Qxh3+ 35.
Kg1 Qg3+ 36. Kf1 Qf3+ 37. Kg1 cxb5 38. Qxb5 Qg4+ 39. Kf2 Qd4+ 40. Kf3 Qxa1  0-1

[Event "1. OEsterreichische Internet Schach Meisterschaft - Vorrunde 2"]
[Site "Online - Playchess.com"]
[Date ""]
[Round "4"]
[Board "14"]
[White "Moritz, Christian"]
[Black "Frank, Paul"]
[Result "0-1"]
[WhiteElo "2077"]
[BlackElo "2210"]
[PlyCount "74"]
[EventDate "2020.04.13"]
[EventRounds "9"]
[EventCountry "AUT"]

1. d4 Nf6 2. Nf3 g6 3. c4 Bg7 4. Nc3 d5 5. cxd5 Nxd5 6. e4 Nxc3 7. bxc3 O-O 8. Be2
c5 9. O-O Bg4 10. Be3 cxd4 11. cxd4 Nc6 12. d5 Ne5 13. Rb1 Nxf3+ 14. Bxf3 Bxf3 15.
Qxf3 b6 16. Rfd1 Rc8 17. Rd2 Qd7 18. Qd1 Rc4 19. Bd4 Rfc8 20. Bxg7 Kxg7 21. e5 Qf5
22. f4 Qxf4 23. d6 Qxe5 24. d7 Rd8 25. Qb3 Rc7 26. Rf1 e6 27. Qd3 Rc3 28. Qd4 Qxd4+
29. Rxd4 Rc7 30. Rfd1 Kf6 31. Rf1+ Ke7 32. Rh4 h5 33. Rhf4 f5 34. h3 Rcxd7 35. g4
hxg4 36. hxg4 Kf6 37. gxf5 gxf5  0-1

[Event "1. OEsterreichische Internet Schach Meisterschaft - Vorrunde 2"]
[Site "Online - Playchess.com"]
[Date ""]
[Round "4"]
[Board "15"]
[White "Friedl, Markus"]
[Black "Hessenberger, Andreas"]
[Result "0-1"]
[WhiteElo "1857"]
[BlackElo "2019"]
[PlyCount "78"]
[EventDate "2020.04.13"]
[EventRounds "9"]
[EventCountry "AUT"]

1. e4 c6 2. d4 d5 3. exd5 cxd5 4. Bd3 Nc6 5. Ne2 e6 6. c3 f5 7. O-O Nf6 8. Bg5 Be7
9. Re1 O-O 10. f3 h6 11. Bxf6 Bxf6 12. Nd2 a6 13. Nb3 b6 14. Ng3 g6 15. Nd2 Kg7 16.
Qc2 Qd6 17. Re2 Bh4 18. Ngf1 Bd7 19. g3 Bf6 20. Kg2 Rac8 21. Qd1 Rh8 22. f4 b5 23.
Nf3 Na5 24. Ne5 Bxe5 25. fxe5 Qe7 26. Nd2 Rcg8 27. Nf3 g5 28. b4 Nc4 29. Bxc4 dxc4
30. Qc2 Bc6 31. Kf2 Qb7 32. Ng1 h5 33. Ke1 Be4 34. Qd2 Kg6 35. Rf2 h4 36. Ne2 hxg3
37. Nxg3 Bd3 38. a4 Rh3 39. axb5 Rxg3  0-1

[Event "1. OEsterreichische Internet Schach Meisterschaft - Vorrunde 2"]
[Site "Online - Playchess.com"]
[Date ""]
[Round "4"]
[Board "16"]
[White "Schneider-Zinner, Harald"]
[Black "Ofner, Maximilian"]
[Result "1-0"]
[WhiteElo "2381"]
[BlackElo "2177"]
[PlyCount "71"]
[EventDate "2020.04.13"]
[EventRounds "9"]
[EventCountry "AUT"]

1. d4 d5 2. c4 e6 3. Nf3 Nf6 4. cxd5 exd5 5. Nc3 c6 6. Bf4 Bd6 7. Bg3 O-O 8. Qc2
Re8 9. e3 Ne4 10. Bd3 f5 11. Bxd6 Qxd6 12. Ne5 Nd7 13. f4 c5 14. O-O cxd4 15. exd4
Qb6 16. Nf3 Ndf6 17. Rad1 Be6 18. Qb3 Qxb3 19. axb3 a6 20. Rc1 Rac8 21. Rc2 b5 22.
Rfc1 Ng4 23. h3 Ne3 24. Re2 b4 25. Rxe3 bxc3 26. bxc3 Rc7 27. c4 dxc4 28. bxc4 Rec8
29. Ne5 Nd2 30. d5 Bd7 31. Nxd7 Rxd7 32. Bxf5 Rxc4 33. Rxc4 Nxc4 34. Re8+ Kf7 35.
Bxd7 Nb6 36. Bc6  1-0

[Event "1. OEsterreichische Internet Schach Meisterschaft - Vorrunde 2"]
[Site "Online - Playchess.com"]
[Date ""]
[Round "4"]
[Board "17"]
[White "Hochwarter, Martin"]
[Black "Leisch, Lukas"]
[Result "0-1"]
[WhiteElo "1932"]
[BlackElo "2362"]
[PlyCount "70"]
[EventDate "2020.04.13"]
[EventRounds "9"]
[EventCountry "AUT"]

1. d4 Nf6 2. c4 g6 3. Nc3 Bg7 4. e4 d6 5. f3 O-O 6. Be3 c5 7. d5 e5 8. Nge2 Nh5 9.
Qd2 f5 10. exf5 gxf5 11. Bg5 Qd7 12. Bh6 a6 13. Qg5 Qf7 14. Ng3 Nf4 15. O-O-O Kh8
16. Bxg7+ Qxg7 17. Qxg7+ Kxg7 18. Nge2 Ng6 19. g3 Bd7 20. h4 b5 21. h5 Nh8 22. cxb5
axb5 23. Kb1 b4 24. Ne4 fxe4 25. fxe4 Nf7 26. Bg2 Ng5 27. Rdf1 Na6 28. h6+ Kg6 29.
Nc1 c4 30. a3 bxa3 31. bxa3 Nc5 32. Ka2 Ncxe4 33. Ne2 Bg4 34. Re1 Bxe2 35. Rxe2 Nc3+
 0-1

[Event "1. OEsterreichische Internet Schach Meisterschaft - Vorrunde 2"]
[Site "Online - Playchess.com"]
[Date ""]
[Round "4"]
[Board "18"]
[White "Morgunov, Marc"]
[Black "Tischler, Michel"]
[Result "1-0"]
[WhiteElo "2341"]
[BlackElo "1517"]
[PlyCount "73"]
[EventDate "2020.04.13"]
[EventRounds "9"]
[EventCountry "AUT"]

1. e4 e5 2. Nf3 Nc6 3. Bb5 a6 4. Ba4 Nf6 5. Qe2 Bc5 6. O-O d6 7. c3 O-O 8. h3 b5
9. Bc2 Be6 10. Rd1 Nd7 11. d4 Bc4 12. Qe1 exd4 13. cxd4 Bb4 14. Nc3 Bxc3 15. Qxc3
Be2 16. Rd2 Bxf3 17. Qxf3 Qe7 18. Qc3 Nd8 19. Qxc7 Ne6 20. Qc3 Rac8 21. Qd3 Nf4 22.
Qg3 Nh5 23. Qf3 Nhf6 24. Re2 Rc4 25. Be3 Rfc8 26. Bd3 R4c7 27. Bg5 Qe8 28. Rae1 h6
29. Bxf6 Nxf6 30. e5 dxe5 31. dxe5 Nd7 32. e6 Nf6 33. exf7+ Qxf7 34. Bf5 Rd8 35.
Be6 Re8 36. Bxf7+ Kxf7 37. Rxe8  1-0

[Event "1. OEsterreichische Internet Schach Meisterschaft - Vorrunde 2"]
[Site "Online - Playchess.com"]
[Date ""]
[Round "4"]
[Board "19"]
[White "Maderner, Arnulf"]
[Black "Hechl, Gerald"]
[Result "0-1"]
[WhiteElo "1687"]
[BlackElo "2333"]
[PlyCount "60"]
[EventDate "2020.04.13"]
[EventRounds "9"]
[EventCountry "AUT"]

1. e4 d6 2. d4 Nf6 3. Nc3 Nbd7 4. Nf3 e5 5. dxe5 dxe5 6. Be2 Bb4 7. Bd3 c6 8. Bd2
O-O 9. O-O Qc7 10. a3 Be7 11. Re1 h6 12. Bc4 b5 13. Ba2 a5 14. Be3 Bb7 15. Qd3 Nc5
16. Bxc5 Bxc5 17. Rad1 Qb6 18. Qe2 Ba6 19. Nxe5 b4 20. Bc4 bxc3 21. bxc3 Bxc4 22.
Nxc4 Qa6 23. e5 Nd5 24. e6 Nxc3 25. exf7+ Kh8 26. Qg4 Nxd1 27. Rxd1 Rxf7 28. Ne5
Rxf2 29. Ng6+ Kh7 30. Qe4 Rf1#  0-1

[Event "1. OEsterreichische Internet Schach Meisterschaft - Vorrunde 2"]
[Site "Online - Playchess.com"]
[Date ""]
[Round "4"]
[Board "20"]
[White "Schroll, Gerhard"]
[Black "Lichtl, Erich"]
[Result "1-0"]
[WhiteElo "2321"]
[BlackElo "2096"]
[PlyCount "133"]
[EventDate "2020.04.13"]
[EventRounds "9"]
[EventCountry "AUT"]

1. e4 c6 2. Nf3 d5 3. Nc3 dxe4 4. Nxe4 Nf6 5. Nxf6+ exf6 6. d4 Bd6 7. Bc4 O-O 8.
O-O Bg4 9. h3 Bh5 10. c3 Qc7 11. Re1 Nd7 12. Qd3 b5 13. Bb3 Rfe8 14. Bd2 Bg6 15.
Qf1 a5 16. Rxe8+ Rxe8 17. Re1 Rd8 18. Nh4 Bh5 19. Nf5 a4 20. Bc2 Bg6 21. Bb1 Nb6
22. Nxd6 Qxd6 23. Bxg6 fxg6 24. Qe2 Kf7 25. Qe4 Nd5 26. g3 Kg8 27. Qe6+ Kf8 28. Qxd6+
Rxd6 29. Kg2 Kf7 30. g4 f5 31. f3 h6 32. Re5 Rd7 33. gxf5 gxf5 34. Rxf5+ Kg6 35.
Re5 Rd6 36. Kf2 Rf6 37. Re8 Nb6 38. b3 axb3 39. axb3 Nd5 40. Ke2 Rd6 41. Kd3 Nf6
42. Re5 Rd7 43. c4 bxc4+ 44. bxc4 Kf7 45. Ra5 Ne8 46. Ra6 Rc7 47. Bf4 Rc8 48. d5
cxd5 49. cxd5 g5 50. Be5 h5 51. Ra7+ Kg6 52. Kd4 Rd8 53. Ra6+ Kf5 54. Rh6 h4 55.
Rh7 Ra8 56. Rf7+ Kg6 57. Re7 Ra4+ 58. Kc5 Ra8 59. d6 Ra5+ 60. Kd4 Ra4+ 61. Kd3 Ra3+
62. Kc4 Ra4+ 63. Kb5 Ra2 64. Rxe8 Rb2+ 65. Kc6 Rc2+ 66. Kb5 Rb2+ 67. Bxb2  1-0

[Event "1. OEsterreichische Internet Schach Meisterschaft - Vorrunde 2"]
[Site "Online - Playchess.com"]
[Date ""]
[Round "4"]
[Board "21"]
[White "Frank, Emanuel"]
[Black "Moerwald, Magdalena"]
[Result "1-0"]
[WhiteElo "2271"]
[BlackElo "1791"]
[PlyCount "67"]
[EventDate "2020.04.13"]
[EventRounds "9"]
[EventCountry "AUT"]

1. d4 d5 2. c4 e6 3. Nf3 Nf6 4. g3 c6 5. Bg2 Bd6 6. Nfd2 Nbd7 7. Nc3 dxc4 8. Nxc4
Nb6 9. Nxd6+ Qxd6 10. O-O O-O 11. Bf4 Qe7 12. e4 Rd8 13. e5 Nfd5 14. Be3 Nxe3 15.
fxe3 Nc4 16. Qe2 Qb4 17. Rab1 c5 18. a3 Qb3 19. dxc5 Nd2 20. Rbd1 Qxb2 21. Ne4 Qxe5
22. Rxd2 Rxd2 23. Qxd2 h6 24. Qd4 Qc7 25. Rd1 Kh7 26. Nd6 Bd7 27. Nxf7 Bb5 28. Be4+
g6 29. Ne5 Rg8 30. Qd6 Qa5 31. Qe7+ Rg7 32. Bxg6+ Kh8 33. Rd8+ Rg8 34. Qf6#  1-0

[Event "1. OEsterreichische Internet Schach Meisterschaft - Vorrunde 2"]
[Site "Online - Playchess.com"]
[Date ""]
[Round "4"]
[Board "22"]
[White "Neuschmied, Siegfried"]
[Black "Kubik, Gerhard"]
[Result "1-0"]
[WhiteElo "2268"]
[BlackElo "1985"]
[PlyCount "49"]
[EventDate "2020.04.13"]
[EventRounds "9"]
[EventCountry "AUT"]

1. e4 g6 2. d4 Bg7 3. Nc3 c5 4. dxc5 Bxc3+ 5. bxc3 Qa5 6. Qd2 Nf6 7. Bd3 Qxc5 8.
Nf3 d6 9. h3 O-O 10. O-O Nc6 11. a4 Bd7 12. Bb2 Rac8 13. Qh6 Na5 14. Ng5 Nc4 15.
Bc1 Ne5 16. Rb1 b6 17. c4 Nxc4 18. Bxc4 Qxc4 19. Bb2 e5 20. f4 Qc5+ 21. Kh1 Qxc2
22. fxe5 dxe5 23. Bxe5 Bxh3 24. gxh3 Rfe8 25. Bxf6  1-0